| 000 | 00000nas 2200000za 4500 |
| 001 | 9.852035 |
| 003 | CaOODSP |
| 005 | 20221107154507 |
| 007 | cr ||||||||||| |
| 008 | 180219d19701980oncar p oss f0###a0eng|d |
| 022 | |y0300-3795 |
| 040 | |aCaOODSP|beng |
| 041 | |aeng|afre |
| 043 | |an-cn--- |
| 086 | 1 |aCS34-208-PDF |
| 245 | 00|aMan-made fibre, yarn and cloth mills |h[electronic resource]. |
| 246 | 13|aFabrication de fibres, filés et tissus artificiels et synthétiques |
| 260 | |aOttawa : |bStatistics Canada = Statistique Canada, |c1972-1982. |
| 310 | |aAnnual |
| 362 | 0 |a1970-1980. |
| 490 | 0 |aAnnual census of manufactures = Recensement annuel des manufactures |
| 500 | |aDigitized edition from print [produced by Statistics Canada]. |
| 546 | |aText in English and French. |
| 550 | |aIssued 1979-1980 by Foods, Beverages, Textiles and Miscellaneous Industries Section. |
| 580 | |aMerged with: Cotton yarn and cloth mills (Final); Wool yarn and cloth mills (Final); and, a part of Knitting mills, to become: Fibre, yarn and cloth mills. |
| 692 | 07|2gccst|aTextile industry |
| 710 | 1 |aCanada. |bStatistics Canada. |bFoods, Beverages, Textiles and Miscellaneous Industries Section. |
| 780 | 00|tSynthetic textile mills |w(CaOODSP)9.851986 |
| 785 | 00|tFibre, yarn and cloth mills |w(CaOODSP)9.852722 |
| 792 | |tMan-made fibre, yarn and cloth mills |efre|w(CaOODSP)9.852040 |